000 00329nam a2200133Ia 4500
008 191201s2010 xx 000 0 und d
100 _aBLANCHARD, Kenneth
245 0 _aOne Minute Manager
250 _a38th IMP
260 _aLondon
_bHarper Collins Publishers London
_c2010
300 _a2010
650 _aBBA
942 _2ddc
_cBK
999 _c4489
_d4489